| 000 | 02045nam a2200241Ia 4500 | ||
|---|---|---|---|
| 005 | 20250604150938.0 | ||
| 008 | 008 250516s9999 xx 000 0 eng d | ||
| 020 | _a9781032780917 | ||
| 040 |
_aSDCL _beng _cSDCL |
||
| 041 |
_aeng _2eng |
||
| 084 |
_aX:77.2'P R4 _qSDCL |
||
| 245 | 0 |
_aUnderstanding globalisation : _bChallenges and prospects |
|
| 260 |
_aLondon : _bRoutledge, _c2024. |
||
| 300 | _axvii, 324p. | ||
| 365 |
_aINR _b1595 |
||
| 520 | _aThe book examines contemporary globalisation, which signifies a growing interconnectedness between people and societies across the world through increasing flows of people, goods, services, finance, and ideas across the borders. The concept of globalisation and its meaning is discussed through insights from scholars such as David Held, Anthony Giddens, David Harvey, Arjun Appadurai, Ulrich Beck, Manuel Castells, Saskia Sassen, and many other scholars to explain divergent perspectives of globalisation. The book also studies threats like nuclear weapons proliferation, global terrorism, environmental security issues, global justice, poverty, migration, and global shifts. It aims to generate readers’ interest in understanding globalisation and analysing the changing dynamics of world politics by studying it from diverse viewpoints. The emergence of COVID-19 and resurgence of great power politics has given rise to the debate of de-globalisation and return of a new kind of ‘cold war’. In this context, this volume will also help readers to understand globalisation in the present changing world order. The book will be useful to the students of political science, international relations, and other interdisciplinary social sciences subjects like political economy and global/international politics. | ||
| 650 | _aPolitical Science / General | ||
| 650 |
_aPolitical Science / Geopolitics _9811763 |
||
| 650 |
_aPolitical Science / Public Policy / Economic Policy _9811197 |
||
| 700 |
_aJindal, Nirmal _9809692 |
||
| 700 | _aKamal Kumar | ||
| 942 |
_cTEXL _2CC _n0 |
||
| 999 |
_c1429747 _d1429747 |
||